| 000 | 00737cab a2200229 4500 | ||
|---|---|---|---|
| 001 | WB3037-05 | ||
| 008 | 090401t1994 xxu||||| |||| 00| 0 eng d | ||
| 035 | _a(Sirsi) u61832 | ||
| 041 | _aeng | ||
| 245 | _aBuilder gets out of his depth | ||
| 260 | _c1994 | ||
| 350 | _a0 | ||
| 490 |
_aObserver _v1 October 1994, 15(1) |
||
| 520 | _aExamines a case currently being considered by the House of Lords which could cause a dramatic rise in the value of damages that can be claimed if a builder does an unsatisfactory job. | ||
| 650 | _aCONTRACTORS | ||
| 650 | _aMEASURE OF DAMAGES | ||
| 650 | _aNEGLIGENCE | ||
| 650 | _aSWIMMING POOL | ||
| 690 | _aBUILT ENVIRONMENT-BUILDING CONTRACT FORMS | ||
| 942 | _n0 | ||
| 948 | _c04/03/1997 | ||
| 999 |
_c38349 _d38349 |
||